|
|
|
|
| LEADER |
00000ny a22000003n 4500 |
| 005 |
2011052705595.0 |
| 008 |
960606s1995 sp s 000 0 spa c |
| 017 |
|
|
|a B34493-1995
|
| 020 |
|
|
|a 9788476983423
|
| 035 |
|
|
|a 1151
|
| 040 |
|
|
|a UCM.DER
|d vLex
|
| 080 |
|
|
|a 347.65(460)
|
| 080 |
|
|
|a 347.65/.68(460)
|
| 090 |
|
|
|c 318
|d 318
|
| 100 |
1 |
|
|a Hernǹdez Da̕z-Ambrona, Mara̕ Dolores
|
| 245 |
1 |
3 |
|a La herencia yacente
|h [Recurso electrn̤ico]
|c M® Dolores Hernǹdez Da̕z-Ambrona
|
| 256 |
|
|
|a Servicio en ln̕ea
|
| 260 |
|
|
|a Barcelona :
|b Bosch,
|c 1995
|
| 300 |
|
|
|a 284 p. ;
|c 23 cm
|
| 490 |
1 |
|
|a Biblioteca de derecho privado ;
|v 61
|
| 504 |
|
|
|a Referencias bibliogrf̀icas
|
| 506 |
1 |
|
|a Contenido solo disponible en los productos indicados
|d vLex Global
|d vLex Global (Academic Edition, excluding Law Schools)
|d vLex Global (U.S. Academic Edition, Law Schools)
|d vLex Global (U.S. Academic Edition, excluding Law Schools)
|d vLex Global (Academic Edition, Law Schools)
|
| 650 |
0 |
7 |
|a Herencia
|2 Tesauro vLex
|
| 650 |
0 |
7 |
|a Sucesorio
|2 Tesauro vLex
|
| 650 |
0 |
7 |
|a Herencia yacente
|2 Tesauro vLex
|
| 650 |
0 |
7 |
|a Derecho sucesorio
|2 Tesauro vLex
|
| 740 |
0 |
|
|a vLex Libros (Servicios en ln̕ea)
|
| 830 |
|
0 |
|a Biblioteca de derecho privado (Bosch)
|
| 856 |
4 |
0 |
|u http://vlex.com/source/1151
|z Acceso restringido
|
| 942 |
|
|
|c BOOK
|
| 999 |
0 |
|
|a Inheritance and succession
|b Barcelona
|